The effects of cadmium compounds on reproduction and growth of the stable fly, Stomoxys calcitrans (Linnaeus) /

Bibliographic Details
Main Author: Kunz, Sidney Edmund, 1935-
Format: Thesis Book
Language:English
Subjects:

MARC

Tag First Indicator Second Indicator Subfields
LEADER 00000ctm a2200000Ka 4500
001 in00004521821
005 20191008081549.0
008 950314s1967 xx a bm 000 0 eng d
035 |a (OCoLC)ocm32144427 
035 |a (OCoLC)32144427 
040 |a OKS  |b eng  |c OKS  |d OCL  |d OCLCQ  |d OCLCO  |d OCLCF  |d TMV  |d UtOrBLW 
049 |a TMVM 
060 4 |a QL 468.5  |b K966e 1967 
100 1 |a Kunz, Sidney Edmund,  |d 1935- 
245 1 4 |a The effects of cadmium compounds on reproduction and growth of the stable fly, Stomoxys calcitrans (Linnaeus) /  |c by Sidney Edmund Kunz. 
264 0 |c 1967. 
300 |a vii, 68 leaves :  |b illustrations ;  |c 29 cm 
336 |a text  |b txt  |2 rdacontent 
337 |a unmediated  |b n  |2 rdamedia 
338 |a volume  |b nc  |2 rdacarrier 
500 |a Typescript. 
502 |b Ph. D.  |c Oklahoma State University  |d 1967 
500 |a Vita. 
504 |a Includes bibliographical references. 
561 |a Louisiana State University (bookplate on front paste-down, stamped withdrawn, transferred to TMV).  |5 TMV 
650 2 |a Veterinary Medicine.  |0 https://id.nlm.nih.gov/mesh/D014730 
655 7 |a Academic theses.  |2 fast  |0 (OCoLC)fst01726453 
999 f f |s 68ffcf6e-5ec4-3339-b313-5dbdd3ffeb03  |i 50830a30-90cf-36ee-9b6b-5d06c047441f  |t 0 
952 f f |p preservation  |a Texas A&M University  |b J.J. Pickle Campus  |c High Density Repository  |d Remote Storage  |t 0  |e QL 468.5 K966e 1967  |h National Library of Medicine classification  |i unmediated -- volume  |m 3238902623500 
998 f f |a QL 468.5 K966e 1967  |t 0  |l Remote Storage